Revista del Instituto Nacional de Geología y Minería. Bs. Aires /

Guardado en:
Autor Corporativo: Inst. Nac. de Geología y Minería. Bs. Aires
Formato: Revista
Idioma:Spanish
Publicado: Buenos Aires : Inst. Nac. de Geología y Minería. Bs. Aires, 1965.
Materias:
Etiquetas: Agregar Etiqueta
Sin Etiquetas, Sea el primero en etiquetar este registro!
LEADER 00593nas a2200157 4500
001 CARPC.000521
005 20080606161601.0
008 010712u1965####ag##|#p#######0###a0spa||
210 0 |a Rev. Inst. Nac. Geol. Miner. Bs. As. 
245 0 0 |a Revista del Instituto Nacional de Geología y Minería. Bs. Aires /  |c Inst. Nac. de Geología y Minería. Bs. Aires. 
260 |a Buenos Aires :  |b Inst. Nac. de Geología y Minería. Bs. Aires,  |c 1965. 
310 |a Irregular. 
362 0 |a No. 1 (1965). 
710 2 |a Inst. Nac. de Geología y Minería. Bs. Aires 
653 |a Geologia 
866 |9 EUN  |a 1965-1971; 1972 (26-31)